Statistics for Mega-Isogram Breakdown Puzzle

Click here to take the quiz!

General Stats

  • This quiz has been taken 346 times
  • The average score is 13 of 24

Answer Stats

HintAnswer% Correct
Not openClosed
96%
Ought toShould
90%
Cat soundsMiaows
84%
Wall blocksBricks
82%
OvercastCloudy
79%
Cow-likeBovine
78%
Party in a new homeHOUSEWARMING
74%
Dumbo foodPeanut
68%
FamineHunger
67%
Make firmHarden
61%
Carve iceSculpt
61%
Financial insolvenciesBANKRUPTCIES
57%
Thieving birdMagpie
57%
Booms after lightningTHUNDERCLAPS
50%
What famine sufferers areMALNOURISHED
43%
Dursley drivePrivet
43%
Stay backRemain
43%
Music triadsChords
35%
ThriftyFrugal
34%
Unpardonable, indefensibleUNFORGIVABLE
33%
Statistical data of populationsDEMOGRAPHICS
31%
Fruitfully, prolificallyPRODUCTIVELY
28%
TwofoldBinary
19%
Substantially, noticeablyCONSIDERABLY
18%

Score Distribution

Percentile by Number Answered

Percent of People with Each Score

Your Score History

You have not taken this quiz